Champions League Winning Managers with Multiple Teams - Statistics

General Stats
  • This quiz has been taken 48 times
  • The average score is 5 of 7
Answer Stats
Teams Total Wins Last Win Manager % Correct
AC Milan | Real Madrid 5 2024 Carlo Ancelotti
98%
Barcelona | Manchester City 3 2023 Pep Guardiola
98%
Porto | Inter Milan 2 2010 José Mourinho
96%
Barcelona | Paris Saint-Germain 2 2025 Luis Enrique
89%
Real Madrid | Bayern Munich 2 2013 Jupp Heynckes
65%
Borussia Dortmund | Bayern Munich 2 2001 Ottmar Hitzfeld
57%
Feyenoord | Hamburg 2 1983 Ernst Happel
20%
No matching quizzes found
Score Distribution
Percent of People with Each Score
Percentile by Number Answered
Your Score History
You have not taken this quiz